López de Ayala o el figurón político-literario / (Record no. 186899)

MARC details
000 -LEADER
campo de control de longitud fija 00733nam a2200205 i 4500
001 - NÚMERO DE CONTROL
campo de control 186899
003 - IDENTIFICADOR DE NÚMERO DE CONTROL
campo de control ES-MaACL
005 - FECHA Y HORA DE LA ÚLTIMA TRANSACCIÓN
campo de control 20250823063130.0
008 - DATOS DE LONGITUD FIJA--INFORMACIÓN GENERAL
campo de control de longitud fija 170227s1932 sp f |||| |bspa d
100 1# - ENTRADA PRINCIPAL--NOMBRE DE PERSONA
Nombre de persona Oteyza, Luis de,
Fechas asociadas al nombre 1883-1961
9 (RLIN) 87927
245 10 - MENCIÓN DEL TÍTULO
Título López de Ayala o el figurón político-literario /
Mención de responsabilidad, etc. por Luis de Oteyza.
250 ## - MENCION DE EDICION
Mención de edición 1ª ed.
260 ## - PUBLICACIÓN, DISTRIBUCIÓN, ETC.
Lugar de publicación, distribución, etc. Madrid :
Nombre del editor, distribuidor, etc. Espasa-Calpe,
Fecha de publicación, distribución, etc. 1932.
300 ## - DESCRIPCIÓN FÍSICA
Extensión 212 p., [1] h. de lám. ;
Dimensiones 18 cm.
490 1# - MENCIÓN DE SERIE
Mención de serie Vidas españolas e hispanoamericanas del siglo XIX ;
Designación de volumen o secuencia 25
600 14 - PUNTO DE ACCESO ADICIONAL DE MATERIA--NOMBRE DE PERSONA
Nombre de persona López de Ayala, Adelardo,
Fechas asociadas al nombre 1828-1879
9 (RLIN) 139648
830 00 - PUNTO DE ACCESO ADICIONAL DE SERIE-TÍTULO UNIFORME
Título uniforme Vidas españolas e hispanoamericanas del siglo XIX
Designación de volumen o secuencia 25
9 (RLIN) 192640
852 ## - LOCALIZACIÓN
Ubicación ES-MaACL
Número de control de estantería C-23236
Holdings
Estatus retirado Estado de pérdida Estado de daño No para préstamo Biblioteca de origen Biblioteca actual Ubicación en estantería Fecha de adquisición Fuente de adquisición Total de préstamos Signatura topográfica completa Código de barras Visto por última vez Precio de reemplazo Tipo de ítem Koha
        Biblioteca del Ateneo de Madrid Biblioteca del Ateneo de Madrid Depósito 2 27/02/2017     C-23236 1197139 23/02/2023 23/02/2023 Libro impreso